Chuyển đến nội dung

Сборник пьес для домры «Чудесный эльф»

Сборник “Чудесный эльф” предназначен для детей и юношества в качестве учебно-практического материала для обучения игре на домре и более полного музыкального развития слуховых и технических данных учащихся. В него вошли 16 разнохарактерных пьес разного уровня сложности. Сборник подходит как репертуар...

Mô tả đầy đủ

Đã lưu trong:
Chi tiết về thư mục
Tác giả chính: Гигевич-Сущёнок Е. В.
Định dạng: Книга
Ngôn ngữ:Russian
Được phát hành: Санкт-Петербург Планета музыки 2023
Phiên bản:2-е изд., стер.
Những chủ đề:
Truy cập trực tuyến:https://e.lanbook.com/book/316223
https://e.lanbook.com/img/cover/book/316223.jpg
Các nhãn: Thêm thẻ
Không có thẻ, Là người đầu tiên thẻ bản ghi này!
LEADER 02184nam0a2200337 i 4500
001 316223
003 RuSpLAN
005 20230310163844.0
008 230310s2023 ru gs 000 0 rus
020 |a 978-5-507-46568-2 
040 |a RuSpLAN 
041 0 |a rus 
044 |a ru 
080 |a 85.956.8 
084 |a 787.8  |2 rubbk 
245 0 0 |a Сборник пьес для домры «Чудесный эльф»  |c Гигевич-Сущёнок Е. В. 
250 |a 2-е изд., стер. 
260 |a Санкт-Петербург  |b Планета музыки  |c 2023 
300 |a 64 с. 
504 |a Библиогр.: доступна в карточке книги, на сайте ЭБС Лань 
520 8 |a Сборник “Чудесный эльф” предназначен для детей и юношества в качестве учебно-практического материала для обучения игре на домре и более полного музыкального развития слуховых и технических данных учащихся. В него вошли 16 разнохарактерных пьес разного уровня сложности. Сборник подходит как репертуарное дополнение для музыкальных школ, школ-гимназий, музыкальных колледжей и училищ. Короткие и эффектные пьесы сборника станут украшением любого концерта, конкурса или академического выступления . 
521 8 |a Книга из коллекции Планета музыки - Музыка и театр 
653 0 |a домра 
653 0 |a народные инструменты 
653 0 |a ноты для домры 
653 0 |a пьесы для домры 
653 0 |a репертуар для домры 
100 1 |a Гигевич-Сущёнок Е. В. 
856 4 |u https://e.lanbook.com/book/316223 
856 4 8 |u https://e.lanbook.com/img/cover/book/316223.jpg 
953 |a https://e.lanbook.com/img/cover/book/316223.jpg 
Cannot write session to /tmp/vufind_sessions/sess_0uuromut7sgd92u7vib17qbgeq